| 000 | 00444nam a2200193Ia 4500 | ||
|---|---|---|---|
| 008 | 210210b1959 xxu||||| |||| 00| 0 eng d | ||
| 041 | _aeng | ||
| 082 | _a320/569 | ||
| 100 | _aIYENGAR (Srinivasa S) | ||
| 245 | _aProblems of democracy in India | ||
| 260 |
_a _bNot Mentioned _c1959 |
||
| 650 | _aProblems | ||
| 650 | _aof | ||
| 650 | _aIndia | ||
| 650 | _ain | ||
| 650 | _ademocracy | ||
| 690 | _aPolitical Science | ||
| 906 | _a003202 | ||
| 999 |
_c118539 _d118539 |
||